Polskie postacie A-Z #1 - Statystyki

Ogólne statystyki
  • Ten quiz został rozwiązany 34 razy
  • Średni wynik to 17 z 24
Statystyki odpowiedzi
Wskazówka # Postać % Poprawnych
Napisał "Pana Tadeusza" M Adam Mickiewicz
97%
Prezydent Polski do 2025 roku D Andrzej Duda
97%
Autor "W pustyni i w puszczy" S Henryk Sienkiewicz
97%
Piłkarz FC Barcelony L Robert Lewandowski
93%
Pierwszy król Polski po unii z Litwą J Władysław Jagiełło
93%
Autor wierszy dla dzieci, poeta, urodzony w Łodzi T Julian Tuwim
90%
Selekcjoner piłkarskiej reprezentacji Polski U Jan Urban
87%
Bramkarz, grał m.in. w West Ham United i Swansea City F Łukasz Fabiański
87%
Ostatni król Polski P Stanisław August Poniatowski
87%
"Jak... do Poznania, po szwedzkim zaborze, dla ojczyzny ratowania, wrócim się przez morze" C Stefan Czarniecki
87%
Prezydent Polskiej Rzeczypospolitej Ludowej, został wybrany w sfałszowanych wyborach B Bolesław Bierut
83%
Pisarz, prozaik, nowelista, napisał "Chłopów" R Władysław Reymont
83%
Reżyser filmowy, laureat Oscara W Andrzej Wajda
80%
Piłkarz, gra w Interze Mediolan Z Piotr Zieliński
80%
pisarka, autorka powieści "Nad Niemnem", nominowana do Nagrody Nobla O Eliza Orzeszkowa
70%
Wynalazca lampy naftowej Ł Ignacy Łukasiewicz
67%
Piosenkarka, autorka tekstów, uczestniczyła na Eurowizji w Dublinie G Edyta Górniak
63%
Generał broni, dowódca Błękitnej Armii H Józef Haller
57%
Aktor, prezenter telewizyjny, urodzony w 1965 roku I Krzysztof Ibisz
57%
Poeta, dramatopisarz, działał pod pseudonimem Jan Stożek A Adam Asnyk
37%
Biskup warmiński, bajkopisarz, wydał jedną z pierwszych polskich encyklopedii K Ignacy Krasicki
30%
Publicystka, dramatopisarka, posłanka na Sejm Ustawodawczy N Zofia Nałkowska
30%
Prozaik, dramaturg, prezydent Rzeczypospolitej Zakopiańskiej Ż Stefan Żeromski
27%
Dziennikarz, scenograf, redaktor naczelny tygodnika "Przekrój" E Marian Eile
3%
Nie znaleziono quizów pasujących do podanych kryteriów
Rozkład punktacji
Procent ludzi z każdym wynikiem
Percentyl według liczby udzielonych odpowiedzi
Twoja historia wyników
Nie rozwiązałeś tego quizu